Applied Science - I (Record no. 296135)

MARC details
000 -LEADER
fixed length control field 00434nam a2200157Ia 4500
008 - FIXED-LENGTH DATA ELEMENTS--GENERAL INFORMATION
fixed length control field 230718s9999 xx 000 0 und d
041 ## - LANGUAGE CODE
Language code of text/sound track or separate title eng
082 ## - DEWEY DECIMAL CLASSIFICATION NUMBER
Classification number 600
Item number KUL
100 ## - MAIN ENTRY--PERSONAL NAME
Personal name Kulkarni A.D.
245 ## - TITLE STATEMENT
Title Applied Science - I
260 ## - PUBLICATION, DISTRIBUTION, ETC. (IMPRINT)
Date of publication, distribution, etc. 1997
Name of publisher, distributor, etc. Tech Nova Publications
300 ## - PHYSICAL DESCRIPTION
Extent 152
365 ## - TRADE PRICE
Currency code Rs.
Price amount 105.00
700 ## - ADDED ENTRY--PERSONAL NAME
Personal name Kulkarni A.D., Walekar V.K; Deshpande M.S. & Shukla S.N.
906 ## - LOCAL DATA ELEMENT F, LDF (RLIN)
d B:242531-Jul-1997
c CHEM
b 15.75
Holdings
Withdrawn status Lost status Damaged status Not for loan Home library Current library Date acquired Vendor Budget Code Cost, normal purchase price Bill number Full call number Barcode Date last seen Discount Cost, replacement price Bill Date Koha item type Original Barcode
Withdrawn       Cummins College of Engineering for Women Pune Cummins College of Engineering for Women Pune 13/08/1997 Pradeep Book Distributors CHEM 89.25 2425 600 CCEP-BK-7341 18/07/2023 15.75 105.00 31/07/1997 Books 007341